• 首页
  • 本馆介绍
  • 公告通知
  • 最新文献
  • 馆藏检索
  • 电子资源
  • 读者导购
  • 参考咨询
  • 我的图书馆
  • 登录
  • 详细信息显示
  • 放入我的书架
  • 预约/预借图书
  • 作者相关作品
  • 分类相关作品
  • 丛书相关作品
  • 出版社相关作品

书目信息

  • 表格格式
  • 工作单格式
  • 卡片格式
题名:
量子力学习题精选与剖析
    
 
作者: 钱伯初 , 曾谨言 著
分册: 上册  
出版信息: 北京   科学出版社  1999.1
页数: 498页
开本: 21cm
丛书名:
单 册:
中图分类: O413.1-44
科图分类:
主题词: 量子力学--教材--高等学校
电子资源:
ISBN: 7-03-006760-6
000 00635nam0 2200217 45
001 0006271589
005 20051114104057.60
010    @a7-03-006760-6@dCNY26.00
092    @aCN
100    @a20000627d1999 km y0chiy0120 ea
101 0  @achi
200 1  @a量子力学习题精选与剖析@ALiang Zi Li Xue Xi Ti Jing Xuan Yu Pou Xi@h上册@f钱伯初,曾谨言著@FQian Bo Chu,Ceng Jin Yan Zhu
205    @a2版
210    @a北京@c科学出版社@d1999.1
215    @a498页@d21cm
606 0  @a量子力学@x教材@x高等学校
690    @aO413.1-44@v2
701  0 @a钱伯初@4著
701  0 @a曾谨言@4著
801    @aCN@bTSTC@c20051114
905    @a10447@dO413.1-44@e38:1=2
    
    量子力学习题精选与剖析.上册/钱伯初,曾谨言著.-2版.-北京:科学出版社,1999.1
    498页;21cm
    
    
    ISBN 7-03-006760-6:CNY26.00
    
●
相关链接 在E读中查询图书 在五车中查询图书 在当当中查询图书 在豆瓣中查询图书


正题名:量子力学习题精选与剖析     索取号:O413.1-44/38:1=2         预约/预借

序号 登录号 条形码 馆藏地/架位号 状态 备注
1 0289503   002895031   第三借阅区/ [索取号:O413.1-44/38:1=2] 在馆    
2 0289504   002895040   第三借阅区/ [索取号:O413.1-44/38:1=2] 在馆    
3 0289505   002895059   第三借阅区/ [索取号:O413.1-44/38:1=2] 在馆    
4 0289506   002895068   第三借阅区/ [索取号:O413.1-44/38:1=2] 在馆    
5 0289507   002895077   第二样本阅览室/ [索取号:O413.1-44/38:1=2] 在馆    
6 0323607   203236079   第三借阅区/ [索取号:O413.1-44/38:1=2] 在馆    
7 0323608   203236088   第三借阅区/ [索取号:O413.1-44/38:1=2] 在馆    
8 0323609   203236097   第三借阅区/ [索取号:O413.1-44/38:1=2] 在馆    
9 0323610   203236104   第三借阅区/ [索取号:O413.1-44/38:1=2] 在馆    
10 0323611   203236113   第三借阅区/ [索取号:O413.1-44/38:1=2] 在馆    
11 0323612   203236122   第三借阅区/ [索取号:O413.1-44/38:1=2] 在馆    
12 0323613   203236131   第三借阅区/ [索取号:O413.1-44/38:1=2] 在馆    
13 0350768   3507681   第三借阅区/ [索取号:O413.1-44/38:1=2] 在馆    
14 0367099   203670991   第三借阅区/ [索取号:O413.1-44/38:1=2] 在馆    
15 0367100   203671008   第三借阅区/ [索取号:O413.1-44/38:1=2] 在馆    
16 0367101   203671017   第三借阅区/ [索取号:O413.1-44/38:1=2] 在馆    
17 0367102   203671026   第三借阅区/ [索取号:O413.1-44/38:1=2] 在馆    
18 0367103   203671035   第三借阅区/ [索取号:O413.1-44/38:1=2] 在馆    
唐山师范学院图书馆 欢迎您!
大连网信软件有限公司© 版权所有